| 000 | 00552nam a22002057a 4500 | ||
|---|---|---|---|
| 003 | OSt | ||
| 005 | 20260423143107.0 | ||
| 008 | 260423b |||||||| |||| 00| 0 eng d | ||
| 020 | _a9780143334255 | ||
| 040 | _cSBCL | ||
| 082 |
_a823 _bMUR-B |
||
| 100 | _aMurty, Sudha | ||
| 245 |
_aThe Bird with Golden Wings _bStories of Wit and Magic |
||
| 260 |
_aHaryana _bPenguin Random House India Pvt. Ltd _c2016 |
||
| 300 | _a126p. | ||
| 630 | _xLiterature | ||
| 650 | _aEnglish & Old English literatures | ||
| 650 | _aEnglish fiction | ||
| 942 | _cBOOK | ||
| 999 |
_c138032 _d138032 |
||